[Event "Championnat de la Loire Open"]
[Site "?"]
[Date "2002.03.09"]
[Round "1"]
[White "Carrot, Patrick"]
[Black "Mottet, Bertrand"]
[Result "1-0"]
[WhiteElo "1780"]
[BlackElo "1450"]
[PlyCount "63"]
[EventDate "1996.??.??"]

1. e4 c5 2. Nf3 Nc6 3. d4 cxd4 4. Nxd4 d6 5. c4 Qb6 6. Nf3 g6 7. Nc3 Bg7 8. Bd2
Qxb2 9. Rb1 Qa3 10. Rb3 Qa5 11. Nd5 Qd8 12. Be2 b6 13. O-O Nf6 14. Bc3 O-O 15.
Nxf6+ exf6 16. Nd4 Nxd4 17. Qxd4 Be6 18. Rd1 Rc8 19. h3 h5 20. Rb4 Rc6 21. g4
hxg4 22. hxg4 g5 23. Rb5 Qd7 24. Rxg5 Qe7 25. Kg2 Rfc8 26. Rh5 Bxc4 27. Bd3
Bxd3 28. Rxd3 Qe6 29. f3 Rc4 30. Qe3 R8c6 31. e5 fxe5 32. Rg5 1-0

[Event "Championnat de la Loire Open"]
[Site "?"]
[Date "2002.03.09"]
[Round "1"]
[White "Brachet, Gerard"]
[Black "Walter, Alain"]
[Result "0-1"]
[WhiteElo "1420"]
[BlackElo "1730"]
[PlyCount "44"]
[EventDate "1996.??.??"]

1. d4 Nf6 2. c4 g6 3. Nc3 d5 4. c5 Bg7 5. Nf3 O-O 6. e3 Nbd7 7. Bd3 c6 8. a3
Qc7 9. Rb1 e5 10. dxe5 Nxe5 11. Nxe5 Qxe5 12. f4 Qe7 13. O-O Qxc5 14. Ne2 Bg4
15. b4 Qe7 16. h3 Bd7 17. f5 Ne4 18. Bxe4 Qxe4 19. Ng3 Qxb1 20. fxg6 fxg6 21.
e4 Rxf1+ 22. Nxf1 Qxe4 0-1

[Event "Championnat de la Loire Open"]
[Site "?"]
[Date "2002.03.09"]
[Round "1"]
[White "Valentin, Alain"]
[Black "Trottet, Francois"]
[Result "1-0"]
[WhiteElo "1700"]
[BlackElo "1420"]
[PlyCount "63"]
[EventDate "1996.??.??"]

1. d4 Nf6 2. c4 e6 3. Nc3 d5 4. cxd5 Nxd5 5. e4 Nxc3 6. bxc3 Bd7 7. Nf3 h6 8.
Bd3 Be7 9. O-O Bc6 10. Ne5 Bf6 11. Qh5 Bxe5 12. Qxe5 Rg8 13. Rd1 Nd7 14. Qg3
Nf6 15. e5 Ne4 16. Bxe4 Bxe4 17. Bxh6 Bg6 18. Be3 Qe7 19. a4 O-O-O 20. a5 a6
21. Qf3 c6 22. Bc1 c5 23. Ba3 Qc7 24. Bxc5 Rd7 25. Rd2 Rgd8 26. Bb6 Qc4 27.
Bxd8 Rxd8 28. Rb2 Rd5 29. Rb4 Qc7 30. Qe2 Qxc3 31. Rc4+ Qxc4 32. Qxc4+ 1-0

[Event "Championnat de la Loire Open"]
[Site "?"]
[Date "2002.03.09"]
[Round "1"]
[White "Conesa, Antoine"]
[Black "Fuster, Pierre"]
[Result "0-1"]
[WhiteElo "1410"]
[BlackElo "1699"]
[PlyCount "64"]
[EventDate "1996.??.??"]

1. e4 e6 2. d4 d5 3. e5 c5 4. Nf3 Nc6 5. Bb5 Qb6 6. Bxc6+ bxc6 7. O-O cxd4 8.
Qxd4 Ne7 9. b3 c5 10. Qd3 Ba6 11. c4 Rd8 12. Qc2 g6 13. Nc3 dxc4 14. bxc4 Bg7
15. Rb1 Qc7 16. Qa4+ Qc6 17. Nb5 O-O 18. Bg5 Rfe8 19. Rfe1 h6 20. Bxe7 Rxe7 21.
Qa5 Red7 22. Nd6 Bxe5 23. Nxe5 Qxd6 24. Nxd7 Rxd7 25. h3 Bxc4 26. Rbd1 Bd5 27.
Qa4 Qe7 28. Qf4 Kh7 29. Qe5 Qd8 30. Qf4 Bxa2 31. Rxd7 Qxd7 32. Qa4 Qxa4 0-1

[Event "Championnat de la Loire Open"]
[Site "?"]
[Date "2002.03.09"]
[Round "1"]
[White "Trenteseaux, Alain"]
[Black "Barthelemy, Jerome"]
[Result "1-0"]
[WhiteElo "1699"]
[BlackElo "1400"]
[PlyCount "93"]
[EventDate "1996.??.??"]

1. e4 c5 2. Nc3 e6 3. g3 Nc6 4. Bg2 Qc7 5. d3 a6 6. f4 d6 7. Nge2 Nf6 8. O-O
Be7 9. a4 O-O 10. Kh1 b6 11. Ng1 Bb7 12. g4 e5 13. g5 Ne8 14. f5 f6 15. Nd5 Qd8
16. Nxe7+ Qxe7 17. Nh3 Nd4 18. c3 Nc6 19. Qg4 Rd8 20. Rf3 Na5 21. gxf6 Nxf6 22.
Bg5 Nc6 23. Rg3 Nxg4 24. Bxe7 Nxe7 25. Rxg4 Rf6 26. Rg1 Rdf8 27. Ng5 Bc8 28.
Bf3 h6 29. Nh7 Kxh7 30. Rxg7+ Kh8 31. Rxe7 R8f7 32. Rxf7 Rxf7 33. Bh5 Rf6 34.
Bg6 Bb7 35. Be8 d5 36. Rg4 dxe4 37. dxe4 Rxf5 38. Kg1 Rg5 39. Rxg5 hxg5 40. Bg6
Bc6 41. b3 c4 42. bxc4 Bxa4 43. Bf7 Bb3 44. Bd5 a5 45. c5 Bxd5 46. exd5 bxc5
47. d6 1-0

[Event "Championnat de la Loire Open"]
[Site "?"]
[Date "2002.03.09"]
[Round "1"]
[White "Vinot, Raoul"]
[Black "Chabas, Jean-Luc"]
[Result "1/2-1/2"]
[WhiteElo "1390"]
[BlackElo "1580"]
[PlyCount "45"]
[EventDate "1996.??.??"]

1. d4 d5 2. c4 c6 3. Nc3 Nf6 4. Bg5 e6 5. Nf3 Be7 6. e3 Qa5 7. Bd3 Nbd7 8. O-O
O-O 9. Re1 h6 10. Bh4 Re8 11. a3 Qd8 12. e4 dxe4 13. Nxe4 b6 14. Bg3 Nxe4 15.
Bxe4 Bb7 16. Qa4 Qc8 17. Ne5 Nxe5 18. Bxe5 Rd8 19. Rad1 Bd6 20. h3 Qc7 21. Bxd6
Rxd6 22. Re3 Rad8 23. Red3 1/2-1/2

[Event "Championnat de la Loire Open"]
[Site "?"]
[Date "2002.03.09"]
[Round "1"]
[White "Pareux, Marc"]
[Black "Gerey, Jean-Pierre"]
[Result "0-1"]
[WhiteElo "1580"]
[BlackElo "1300"]
[PlyCount "88"]
[EventDate "1996.??.??"]

1. d4 d5 2. e4 c6 3. Be3 Nd7 4. e5 e6 5. f4 c5 6. c3 c4 7. Nf3 Nh6 8. Nbd2 Nf5
9. Bf2 Be7 10. Be2 Nh4 11. Nxh4 Bxh4 12. g3 Be7 13. Qc2 Nb6 14. O-O f5 15. exf6
Bxf6 16. Nf3 O-O 17. Ne5 Qe8 18. Rfe1 Nd7 19. Ng4 Be7 20. Bf1 Nf6 21. Nxf6+
Rxf6 22. b3 b5 23. Bh3 Qh5 24. Kg2 Rh6 25. Bxe6+ Bxe6 26. Rh1 Bg4 27. Be3 Bf3+
28. Kf2 Be4 29. Qe2 Qh3 30. Rag1 Bxh1 31. Rxh1 Qxh2+ 32. Rxh2 Rxh2+ 33. Kf3
Rxe2 34. Kxe2 Re8 35. Kf3 h5 36. Bf2 Rf8 37. bxc4 bxc4 38. a4 g5 39. Be3 Kg7
40. Kg2 Bf6 41. fxg5 Bd8 42. Bf4 Re8 43. Kf2 Kg6 44. Kf1 Bxg5 0-1

[Event "Championnat de la Loire Open"]
[Site "?"]
[Date "2002.03.09"]
[Round "1"]
[White "Gerey, Bernard"]
[Black "Gidon, Rene"]
[Result "0-1"]
[WhiteElo "1230"]
[BlackElo "1570"]
[PlyCount "44"]
[EventDate "1996.??.??"]

1. e4 e5 2. Nf3 Nc6 3. Bc4 Be7 4. d3 Nf6 5. Nc3 d6 6. O-O O-O 7. b3 Bg4 8. Be3
a6 9. a4 Nd4 10. Bxd4 exd4 11. Nd5 Nxd5 12. exd5 Qd7 13. Qe2 Bf6 14. Qe4 Rae8
15. Qf4 Bxf3 16. Qxf3 b5 17. Qh3 Qxh3 18. gxh3 bxc4 19. dxc4 d3 20. Ra2 d2 21.
c3 Bxc3 22. Rb1 Re1+ 0-1

[Event "Championnat de la Loire Open"]
[Site "?"]
[Date "2002.03.09"]
[Round "1"]
[White "Bournez, Gerard"]
[Black "Bruyas, Benjamin"]
[Result "1-0"]
[WhiteElo "1540"]
[BlackElo "1210"]
[PlyCount "45"]
[EventDate "1996.??.??"]

1. e4 e5 2. Bc4 Nf6 3. d3 Bc5 4. h3 d6 5. Nf3 c6 6. c3 b5 7. Bb3 O-O 8. O-O a5
9. a3 a4 10. Ba2 h6 11. Re1 Re8 12. Be3 Bxe3 13. Rxe3 Bb7 14. d4 d5 15. exd5
cxd5 16. Nxe5 Ne4 17. Nd2 f6 18. Rxe4 fxe5 19. Rxe5 Kh8 20. Nf3 Na6 21. Qd2
Rxe5 22. Nxe5 Qe7 23. Ng6+ 1-0

[Event "Championnat de la Loire Open"]
[Site "?"]
[Date "2002.03.09"]
[Round "1"]
[White "Mialon, Franck"]
[Black "Rengame, Mohane"]
[Result "1-0"]
[WhiteElo "1210"]
[BlackElo "1540"]
[PlyCount "31"]
[EventDate "1996.??.??"]

1. e4 e5 2. Nf3 Nc6 3. Bc4 Bc5 4. d3 Nge7 5. Ng5 O-O 6. Qh5 h6 7. Nxf7 Rxf7 8.
Qxf7+ Kh8 9. O-O Nd4 10. Nc3 c6 11. Be3 Ng8 12. Qg6 d6 13. f4 Nxc2 14. fxe5
Bxe3+ 15. Kh1 Nxa1 16. Rf7 1-0

[Event "Championnat de la Loire Open"]
[Site "?"]
[Date "2002.03.09"]
[Round "1"]
[White "Valet, Godeffroy"]
[Black "Veyrat, Gerard"]
[Result "1-0"]
[WhiteElo "1500"]
[BlackElo "1140"]
[PlyCount "89"]
[EventDate "1996.??.??"]

1. d4 d5 2. c4 c6 3. Nc3 Nf6 4. Nf3 e6 5. Bg5 Be7 6. e3 O-O 7. c5 Qa5 8. a3 Re8
9. b4 Qc7 10. Bd3 Nbd7 11. a4 b6 12. Bf4 Bd6 13. Bxd6 Qb7 14. Qb1 g6 15. a5 a6
16. axb6 Ng4 17. h3 Ngf6 18. g4 Nb8 19. Be5 Qe7 20. Bd6 Qd7 21. Ne5 Qb7 22. Bc7
Nbd7 23. Nf3 Nb8 24. g5 Nh5 25. Nd2 Nd7 26. Nb3 e5 27. Na5 Qxc7 28. bxc7 exd4
29. Na4 dxe3 30. Nxc6 Bb7 31. Nd8 d4 32. Nxb7 Ra7 33. Nb6 Nxb6 34. cxb6 Rxb7
35. Bxa6 Rxb6 36. c8=Q Rxc8 37. Bxc8 Nf4 38. Ra8 Rb5 39. Bd7+ Kg7 40. Qe4 Rxb4
41. fxe3 Rc4 42. exf4 Rc1+ 43. Kf2 Rc4 44. Qe5+ f6 45. Qxf6# 1-0

[Event "Championnat de la Loire Open"]
[Site "?"]
[Date "2002.03.09"]
[Round "1"]
[White "Soler, Gerald"]
[Black "Doran, Niall"]
[Result "0-1"]
[WhiteElo "1130"]
[BlackElo "1499"]
[PlyCount "84"]
[EventDate "1996.??.??"]

1. e4 e5 2. Nf3 Nc6 3. Bc4 Nf6 4. Nc3 Be7 5. O-O O-O 6. Re1 d6 7. d4 exd4 8.
Nxd4 Nxd4 9. Qxd4 c5 10. Qd3 Re8 11. b3 Ng4 12. Bb2 Bf6 13. Rad1 Bd4 14. Rf1
Qf6 15. Rd2 Bd7 16. Nd5 Bxf2+ 17. Rfxf2 Qxb2 18. c3 Nxf2 19. Rxb2 Nxd3 20. Bxd3
Re5 21. Rf2 Bc6 22. c4 Bxd5 23. exd5 Rae8 24. g3 Re3 25. Bf1 a6 26. Rd2 R8e4
27. Bg2 Rd4 28. Rxd4 cxd4 29. Kf2 Rc3 30. Ke2 Rc2+ 31. Kd3 Rxg2 32. Kxd4 Rxh2
33. c5 dxc5+ 34. Kxc5 Rg2 35. Kd6 Rxg3 36. Ke7 Re3+ 37. Kd7 h5 38. d6 h4 39.
Kc7 h3 40. d7 Rd3 41. d8=Q+ Rxd8 42. Kxd8 h2 0-1

[Event "Championnat de la Loire Open"]
[Site "?"]
[Date "2002.03.09"]
[Round "1"]
[White "Langlade, Remy"]
[Black "Pupier, Terry"]
[Result "1-0"]
[WhiteElo "1499"]
[BlackElo "1099"]
[PlyCount "37"]
[EventDate "1996.??.??"]

1. e4 e6 2. Bc4 Ne7 3. d3 Nbc6 4. Nf3 d5 5. exd5 exd5 6. Bb3 Bg4 7. Nc3 d4 8.
Nb5 a6 9. h3 Bh5 10. g4 Bg6 11. Na3 b5 12. h4 h6 13. h5 Bh7 14. g5 Bg8 15. Qe2
Qd6 16. Qe4 O-O-O 17. Bf4 Qd7 18. Ne5 Nxe5 19. Qa8# 1-0

[Event "Championnat de la Loire Open"]
[Site "?"]
[Date "2002.03.09"]
[Round "2"]
[White "Bournez, Gerard"]
[Black "Carrot, Patrick"]
[Result "0-1"]
[WhiteElo "1540"]
[BlackElo "1780"]
[PlyCount "85"]
[EventDate "1996.??.??"]

1. e4 c5 2. Bc4 e6 3. c3 Nc6 4. a3 Nf6 5. d3 Be7 6. Nf3 d6 7. Be3 O-O 8. h3 a6
9. O-O b5 10. Ba2 Bb7 11. Nbd2 Qc7 12. Nh2 Rfd8 13. f4 e5 14. f5 d5 15. Ng4 d4
16. Nxf6+ Bxf6 17. cxd4 Nxd4 18. Nf3 Nxf3+ 19. Rxf3 Bxe4 20. Rf2 Rxd3 21. Qe2
Rad8 22. Rc1 Qd7 23. Kh2 c4 24. Bb1 Bxf5 25. Bxd3 cxd3 26. Qd2 Bg6 27. b4 Qe6
28. g3 h6 29. Rcf1 Be7 30. Re1 Rc8 31. Qb2 e4 32. Bd4 f6 33. Bc5 Bxc5 34. bxc5
Rxc5 35. Qd4 Rd5 36. Qe3 Qd6 37. Qd2 Qxa3 38. Rc1 b4 39. Rc8+ Kh7 40. Rc7 Qa5
41. Rxf6 Qxc7 42. Rxg6 Kxg6 43. Qxb4 0-1

[Event "Championnat de la Loire Open"]
[Site "?"]
[Date "2002.03.09"]
[Round "2"]
[White "Walter, Alain"]
[Black "Valet, Godeffroy"]
[Result "1-0"]
[WhiteElo "1730"]
[BlackElo "1500"]
[PlyCount "115"]
[EventDate "1996.??.??"]

1. e4 e6 2. d4 d5 3. Nc3 Bb4 4. e5 c5 5. a3 cxd4 6. Qxd4 Bxc3+ 7. Qxc3 Nc6 8.
Nf3 Nge7 9. Bb5 O-O 10. O-O a6 11. Bd3 b5 12. Bg5 Bb7 13. Rfe1 h6 14. Bh4 Rc8
15. Qd2 Qc7 16. c3 Ng6 17. Bg3 Qd7 18. Nd4 Qc7 19. Bxg6 fxg6 20. Nxe6 Qf7 21.
Nxf8 Rxf8 22. e6 Qf6 23. Qxd5 Kh7 24. e7 Re8 25. Qd6 Rxe7 26. Rxe7 Nxe7 27. Re1
Nf5 28. Qxf6 gxf6 29. Bf4 g5 30. Bd2 Kg6 31. f3 Nd6 32. Re7 h5 33. b3 a5 34.
Rd7 Bd5 35. Rxd6 Bxb3 36. Kf2 Bc4 37. Rb6 Kf5 38. g3 Ke5 39. f4+ gxf4 40. Bxf4+
Kf5 41. Be3 Kg4 42. Rxf6 a4 43. Rf4+ Kg5 44. Rxc4+ Kf5 45. Rc5+ Kg4 46. Rxb5 h4
47. Rb4+ Kf5 48. gxh4 Kg6 49. h5+ Kxh5 50. Rf4 Kg6 51. c4 Kg5 52. c5 Kg6 53. c6
Kh7 54. c7 Kg7 55. c8=Q Kh7 56. Qf5+ Kg7 57. Rg4+ Kh8 58. Qh5# 1-0

[Event "Championnat de la Loire Open"]
[Site "?"]
[Date "2002.03.09"]
[Round "2"]
[White "Doran, Niall"]
[Black "Valentin, Alain"]
[Result "0-1"]
[WhiteElo "1499"]
[BlackElo "1700"]
[PlyCount "78"]
[EventDate "1996.??.??"]

1. e4 e6 2. d4 d5 3. Nc3 Bb4 4. Bd2 dxe4 5. Nxe4 Qxd4 6. Nc3 Qd8 7. Qe2 Nf6 8.
Qb5+ Nc6 9. O-O-O a6 10. Qc4 Qe7 11. Nf3 O-O 12. Bd3 Qc5 13. Qxc5 Bxc5 14. Be3
Bxe3+ 15. fxe3 Bd7 16. Rhe1 Rfd8 17. h3 Nb4 18. Ne5 Nxd3+ 19. Rxd3 Kf8 20. Red1
Ke7 21. Ne4 Nd5 22. g4 f6 23. Nxd7 Rxd7 24. Nc5 Rd6 25. Nxb7 Rb6 26. Nc5 Rb5
27. Nb3 Nb6 28. c4 Rb4 29. c5 Nd5 30. Na5 Ra4 31. Nc6+ Kd7 32. Nd4 Rc4+ 33. Kb1
Rb8 34. e4 Nf4 35. c6+ Kd6 36. b3 Nxd3 37. Rxd3 Rc5 38. Kb2 Rd8 39. b4 Rc4 0-1

[Event "Championnat de la Loire Open"]
[Site "?"]
[Date "2002.03.09"]
[Round "2"]
[White "Fuster, Pierre"]
[Black "Langlade, Remy"]
[Result "1-0"]
[WhiteElo "1699"]
[BlackElo "1499"]
[PlyCount "85"]
[EventDate "1996.??.??"]

1. e4 e5 2. Nf3 Qf6 3. Bc4 Bc5 4. O-O d6 5. Nc3 c6 6. Na4 b5 7. Nxc5 bxc4 8.
Na4 Qg6 9. d3 Bh3 10. Ng5 Bxg2 11. Kxg2 h6 12. Qg4 Nd7 13. Kh1 hxg5 14. Qxg5
cxd3 15. Qxg6 fxg6 16. cxd3 Ngf6 17. Rg1 Nf8 18. f4 Rh4 19. fxe5 dxe5 20. Bg5
Rh3 21. Nc5 Kf7 22. Rg3 Rxg3 23. hxg3 Ne6 24. Nxe6 Kxe6 25. Rc1 Rh8+ 26. Kg2
Kd6 27. b4 Ng4 28. Kf3 Nh2+ 29. Kg2 Rh5 30. Be3 a6 31. Bc5+ Kc7 32. Rh1 Ng4 33.
Rxh5 gxh5 34. d4 g5 35. Kf3 Nf6 36. dxe5 h4 37. exf6 h3 38. Kf2 Kd7 39. f7 h2
40. Kg2 h1=Q+ 41. Kxh1 Ke6 42. f8=Q Ke5 43. Qf5# 1-0

[Event "Championnat de la Loire Open"]
[Site "?"]
[Date "2002.03.09"]
[Round "2"]
[White "Gerey, Jean-Pierre"]
[Black "Trenteseaux, Alain"]
[Result "0-1"]
[WhiteElo "1300"]
[BlackElo "1699"]
[PlyCount "56"]
[EventDate "1996.??.??"]

1. Nf3 Nf6 2. d3 g6 3. e4 d6 4. Nc3 Bg7 5. Be3 O-O 6. Qd2 Nc6 7. Be2 e5 8. Nd5
Nxd5 9. exd5 Ne7 10. Bh6 Nxd5 11. Bxg7 Kxg7 12. d4 e4 13. Bc4 exf3 14. Bxd5
Re8+ 15. Kd1 fxg2 16. Bxg2 Bg4+ 17. f3 Bh5 18. c3 Qf6 19. Rf1 Re7 20. Kc2 Rae8
21. Rf2 Qf5+ 22. Qd3 Re2+ 23. Kb3 Qxd3 24. Rxe2 Rxe2 25. Bf1 Qb5+ 26. Ka3 Qxb2+
27. Ka4 Qxa1 28. Bxe2 Qxa2+ 0-1

[Event "Championnat de la Loire Open"]
[Site "?"]
[Date "2002.03.09"]
[Round "2"]
[White "Gidon, Rene"]
[Black "Mialon, Franck"]
[Result "1-0"]
[WhiteElo "1570"]
[BlackElo "1210"]
[PlyCount "45"]
[EventDate "1996.??.??"]

1. e4 e5 2. Nf3 Nc6 3. Bb5 h6 4. O-O Qf6 5. Nc3 Bd6 6. Nd5 Qg6 7. d3 Nd4 8. Be3
Nxb5 9. c4 Nd4 10. c5 Be7 11. Nxc7+ Kd8 12. Nxa8 d5 13. Nxe5 Qe6 14. Bxd4 Nf6
15. Qc2 Ng4 16. exd5 Qxd5 17. Nf3 Bg5 18. Rae1 Bf4 19. Qe2 Be6 20. Qe4 Bxh2+
21. Nxh2 Qh5 22. Nxg4 Re8 23. Qxb7 1-0

[Event "Championnat de la Loire Open"]
[Site "?"]
[Date "2002.03.09"]
[Round "2"]
[White "Chabas, Jean-Luc"]
[Black "Pareux, Marc"]
[Result "0-1"]
[WhiteElo "1580"]
[BlackElo "1580"]
[PlyCount "44"]
[EventDate "1996.??.??"]

1. e4 g6 2. d4 Bg7 3. c4 Nc6 4. d5 Nd4 5. Ne2 c5 6. Nbc3 Qb6 7. Ng3 d6 8. Be2
Nf6 9. O-O O-O 10. Rb1 a5 11. Be3 Nd7 12. Qd2 Ne5 13. h3 f5 14. f3 Bd7 15. b3
Rf7 16. f4 Raf8 17. exf5 Bxf5 18. Nxf5 Nxf5 19. fxe5 Nxe3 20. Rxf7 Rxf7 21. e6
Rf8 22. Qxe3 Bd4 0-1

[Event "Championnat de la Loire Open"]
[Site "?"]
[Date "2002.03.09"]
[Round "2"]
[White "Rengame, Mohane"]
[Black "Vinot, Raoul"]
[Result "1-0"]
[WhiteElo "1540"]
[BlackElo "1390"]
[PlyCount "27"]
[EventDate "1996.??.??"]

1. d4 d5 2. c4 c6 3. Nc3 Nf6 4. c5 Bf5 5. Bf4 e6 6. e3 Nh5 7. Qxh5 g6 8. Qd1 g5
9. Be5 f6 10. Bg3 Nd7 11. Be2 Qa5 12. a3 Qd8 13. Bg4 h5 14. Bxh5+ 1-0

[Event "Championnat de la Loire Open"]
[Site "?"]
[Date "2002.03.09"]
[Round "2"]
[White "Mottet, Bertrand"]
[Black "Gerey, Bernard"]
[Result "1-0"]
[WhiteElo "1450"]
[BlackElo "1230"]
[PlyCount "57"]
[EventDate "1996.??.??"]

1. e4 e6 2. f4 d5 3. e5 Nc6 4. Nf3 Nge7 5. d4 Nf5 6. a3 b6 7. Be2 Bb7 8. Nc3 a6
9. Qd3 Be7 10. Be3 O-O 11. g4 Nxe3 12. Qxe3 Bh4+ 13. Kd2 Be7 14. g5 Na5 15. b3
c5 16. h4 c4 17. b4 Nc6 18. h5 f6 19. gxf6 gxf6 20. Rhg1+ Kh8 21. f5 fxe5 22.
Qh6 Rg8 23. Rxg8+ Qxg8 24. Rg1 Qf8 25. Qxe6 Qf6 26. Nxd5 Qxe6 27. fxe6 e4 28.
Ng5 Rg8 29. Nf7# 1-0

[Event "Championnat de la Loire Open"]
[Site "?"]
[Date "2002.03.09"]
[Round "2"]
[White "Bruyas, Benjamin"]
[Black "Brachet, Gerard"]
[Result "0-1"]
[WhiteElo "1210"]
[BlackElo "1420"]
[PlyCount "44"]
[EventDate "1996.??.??"]

1. Nf3 d5 2. c4 dxc4 3. Qa4+ Nc6 4. Qxc4 e5 5. b3 Be6 6. Qc2 Bd6 7. g3 Nf6 8.
d3 Nb4 9. Qd1 c6 10. Bb2 Qc7 11. Bg2 Rd8 12. O-O h6 13. e4 Nh5 14. a3 Na6 15.
Nc3 Nc5 16. Nxe5 Bxe5 17. Qxh5 Nxd3 18. Qe2 Bxb3 19. Rfd1 Bxd1 20. Rxd1 Nxb2
21. Rxd8+ Qxd8 22. Qxb2 b5 0-1

[Event "Championnat de la Loire Open"]
[Site "?"]
[Date "2002.03.09"]
[Round "2"]
[White "Trottet, Francois"]
[Black "Veyrat, Gerard"]
[Result "1-0"]
[WhiteElo "1420"]
[BlackElo "1140"]
[PlyCount "65"]
[EventDate "1996.??.??"]

1. e4 e5 2. Nf3 Nc6 3. Bc4 Nf6 4. Qe2 d5 5. exd5 Nxd5 6. d4 Bd6 7. Bxd5 Qf6 8.
Bxc6+ bxc6 9. O-O O-O 10. dxe5 Qg6 11. exd6 Bh3 12. Nh4 Qf6 13. Nf3 Rae8 14.
Be3 Bg4 15. Nbd2 cxd6 16. c3 a5 17. a4 Re6 18. Qc4 d5 19. Qxg4 Re7 20. Rad1
Rfe8 21. Bd4 Qh6 22. Nb3 Re4 23. Qg3 g6 24. Rfe1 f5 25. Rxe4 Rxe4 26. Nc5 f4
27. Qg4 Re8 28. Nd7 Kf7 29. Ng5+ Kg8 30. Nf6+ Kf8 31. Nxe8 Kxe8 32. Qe6+ Kd8
33. Nf7+ 1-0

[Event "Championnat de la Loire Open"]
[Site "?"]
[Date "2002.03.09"]
[Round "2"]
[White "Pupier, Terry"]
[Black "Conesa, Antoine"]
[Result "1-0"]
[WhiteElo "1099"]
[BlackElo "1410"]
[PlyCount "101"]
[EventDate "1996.??.??"]

1. e4 c5 2. Nf3 e6 3. Nc3 d5 4. d4 Qb6 5. Be2 a6 6. b3 cxd4 7. Nxd4 Bc5 8. Be3
e5 9. Nxd5 Qd8 10. Nf3 Bxe3 11. Nxe3 Nc6 12. Qxd8+ Nxd8 13. Nxe5 Nf6 14. Bf3
O-O 15. O-O Re8 16. Rad1 Rb8 17. N3c4 b5 18. Ne3 Bb7 19. Nd7 Nxd7 20. Rxd7 Bxe4
21. Bxe4 Rxe4 22. Rfd1 Re8 23. h3 Ne6 24. Ng4 h5 25. Ne5 f6 26. Nc6 Rbc8 27.
Ne7+ Kf8 28. Nxc8 Rxc8 29. R7d5 Re8 30. Re1 Kf7 31. Rd7+ Kf8 32. g3 Nc5 33.
Rxe8+ Kxe8 34. Rxg7 Ne6 35. Rh7 Nd4 36. Rxh5 Nxc2 37. Rh8+ Ke7 38. Ra8 Nb4 39.
a3 Nc2 40. Rxa6 f5 41. h4 Nd4 42. h5 Kf7 43. h6 Kg8 44. Ra7 Nxb3 45. Kg2 Nd4
46. Kh3 Nc6 47. Rc7 Ne5 48. Kh4 Nd3 49. Kg5 Nxf2 50. Kg6 Kf8 51. h7 1-0

[Event "Championnat de la Loire Open"]
[Site "?"]
[Date "2002.03.09"]
[Round "2"]
[White "Barthelemy, Jerome"]
[Black "Soler, Gerald"]
[Result "1-0"]
[WhiteElo "1400"]
[BlackElo "1130"]
[PlyCount "43"]
[EventDate "1996.??.??"]

1. d4 d5 2. c4 dxc4 3. a4 e6 4. e4 Nf6 5. Nc3 Be7 6. Bg5 O-O 7. Bxf6 Bxf6 8. e5
Be7 9. Bxc4 c6 10. Bd3 f6 11. Nf3 f5 12. O-O Nd7 13. a5 a6 14. Bc4 Nb8 15. Ne2
g6 16. Nf4 Qe8 17. Bxe6+ Bxe6 18. Nxe6 Qc8 19. Nxf8 Bxf8 20. Qb3+ Kh8 21. Qf7
Bh6 22. e6 1-0

[Event "Championnat de la Loire Open"]
[Site "?"]
[Date "2002.03.30"]
[Round "3"]
[White "Carrot, Patrick"]
[Black "Fuster, Pierre"]
[Result "0-1"]
[WhiteElo "1780"]
[BlackElo "1699"]
[PlyCount "82"]
[EventDate "1996.??.??"]

1. e4 e6 2. d4 d5 3. Nc3 Bb4 4. Nge2 dxe4 5. a3 Be7 6. Nxe4 Nf6 7. N2c3 Nbd7 8.
Bd3 c5 9. Ne2 O-O 10. O-O b6 11. Bf4 cxd4 12. Nxd4 Bb7 13. Nxf6+ Bxf6 14. Bg3
Bxd4 15. Bxh7+ Kxh7 16. Qxd4 Nc5 17. Qg4 Qd5 18. Qh3+ Kg8 19. Rfe1 Ne4 20. Bf4
e5 21. Rad1 Qc5 22. Be3 Qxc2 23. Qg4 Nf6 24. Qg3 Rfd8 25. Rc1 Qxb2 26. Bg5 Ne4
27. Qe3 Nxg5 28. Qxg5 Rd2 29. Rb1 Qd4 30. Qg3 Rd8 31. h3 Qf4 32. Qxf4 exf4 33.
Rb4 g5 34. Re7 R8d7 35. Re5 R7d5 36. Re8+ Kg7 37. h4 f6 38. h5 R5d4 39. Rb3 g4
40. Rb5 g3 41. fxg3 fxg3 0-1

[Event "Championnat de la Loire Open"]
[Site "?"]
[Date "2002.03.30"]
[Round "3"]
[White "Valentin, Alain"]
[Black "Walter, Alain"]
[Result "1/2-1/2"]
[WhiteElo "1700"]
[BlackElo "1730"]
[PlyCount "45"]
[EventDate "1996.??.??"]

1. d4 Nf6 2. c4 g6 3. Nc3 d5 4. Nf3 Bg7 5. cxd5 Nxd5 6. Qb3 c6 7. e4 Nb6 8. Bf4
Be6 9. d5 cxd5 10. exd5 Bxd5 11. Qb5+ Bc6 12. Qb3 O-O 13. Rd1 Qc8 14. Be2 N8d7
15. O-O Nc5 16. Qb4 Nca4 17. Nxa4 Bxa4 18. Rc1 Qf5 19. Bc7 Bc6 20. Bxb6 axb6
21. g3 Ra5 22. Qxb6 e6 23. Rfd1 1/2-1/2

[Event "Championnat de la Loire Open"]
[Site "?"]
[Date "2002.03.30"]
[Round "3"]
[White "Gidon, Rene"]
[Black "Bournez, Gerard"]
[Result "1/2-1/2"]
[WhiteElo "1570"]
[BlackElo "1540"]
[PlyCount "90"]
[EventDate "1996.??.??"]

1. e4 c5 2. Nc3 Nc6 3. Nf3 e5 4. Bc4 h6 5. d3 d6 6. O-O Nf6 7. Nd5 a6 8. a3 b5
9. Ba2 Bb7 10. c3 Nxd5 11. Bxd5 Qd7 12. b4 Ne7 13. Bxb7 Qxb7 14. bxc5 Ng6 15.
cxd6 Bxd6 16. Qb3 O-O 17. h4 Rac8 18. Bd2 Kh8 19. Rac1 Qb8 20. h5 Nf4 21. Bxf4
exf4 22. e5 Bxe5 23. d4 Bf6 24. Rfe1 Rc4 25. Ne5 Bxe5 26. Rxe5 Qc7 27. Re2 Rxd4
28. Rce1 Rc4 29. Re8 Kg8 30. Qc2 Qc5 31. R1e5 Qc6 32. Rxf8+ Kxf8 33. Qh7 f6 34.
Re1 Rxc3 35. Kh2 Qc7 36. Qg6 f3+ 37. g3 Qd7 38. Qe4 Rc8 39. Qxf3 Re8 40. Rd1
Qe6 41. Qf4 Qe5 42. Qb4+ Kf7 43. Rd7+ Re7 44. Qb3+ Ke8 45. Rxe7+ Kxe7 1/2-1/2

[Event "Championnat de la Loire Open"]
[Site "?"]
[Date "2002.03.30"]
[Round "3"]
[White "Pareux, Marc"]
[Black "Mottet, Bertrand"]
[Result "1-0"]
[WhiteElo "1580"]
[BlackElo "1450"]
[PlyCount "39"]
[EventDate "1996.??.??"]

1. d4 Nf6 2. f3 d6 3. e4 e5 4. dxe5 dxe5 5. Qxd8+ Kxd8 6. Bc4 Bc5 7. Bg5 Be6 8.
Bxe6 fxe6 9. Nc3 Ke7 10. O-O-O h6 11. Bh4 g5 12. Bg3 Nc6 13. Nge2 a6 14. h4 b5
15. Kb1 b4 16. Na4 Be3 17. b3 g4 18. Nc1 Nd4 19. Bxe5 gxf3 20. Bxd4 1-0

[Event "Championnat de la Loire Open"]
[Site "?"]
[Date "2002.03.30"]
[Round "3"]
[White "Trottet, Francois"]
[Black "Rengame, Mohane"]
[Result "0-1"]
[WhiteElo "1420"]
[BlackElo "1540"]
[PlyCount "80"]
[EventDate "1996.??.??"]

1. e4 e5 2. Nf3 Nc6 3. Bb5 Nd4 4. Nxd4 exd4 5. d3 c6 6. Bc4 d5 7. exd5 cxd5 8.
Bb3 Qe7+ 9. Qe2 Qxe2+ 10. Kxe2 Be6 11. Nd2 b5 12. a3 a5 13. c3 a4 14. Bc2 Bc5
15. Nf3 dxc3 16. d4 Bd6 17. bxc3 Ne7 18. h3 O-O 19. Re1 Rac8 20. Bd2 Nc6 21.
Ng5 Bd7 22. Kf1 h6 23. Nf3 Na5 24. Ne5 Bxe5 25. Rxe5 Nc4 26. Re2 Nxd2+ 27. Rxd2
Rxc3 28. Kg1 Rfc8 29. Ra2 g5 30. Bd3 Rc1+ 31. Bf1 Re1 32. f3 Rcc1 33. Rf2 Rcd1
34. Rad2 Rxf1+ 35. Kh2 Rxf2 36. Rxf2 Rxd4 37. Kg3 Rd3 38. Ra2 Be6 39. Kf2 d4
40. Re2 Bc4 0-1